Medaliści igrzysk olimpijskich w siatkówce - Statystyki

Ogólne statystyki
  • Ten quiz został rozwiązany 170 razy
  • Średni wynik to 42 z 48
Statystyki odpowiedzi
Rok i miejsce Medal Reprezentacja % Poprawnych
2021, Tokyo Złoto Francja
99%
2024, Paris Złoto Francja
99%
1976, Montreal Złoto Polska
99%
2024, Paris Srebro Polska
99%
1984, Los Angeles Złoto Stany Zjednoczone
99%
1988, Seoul Złoto Stany Zjednoczone
99%
2008, Beijing Złoto Stany Zjednoczone
99%
1992, Barcelona Brąz Stany Zjednoczone
99%
2016, Rio de Janeiro Brąz Stany Zjednoczone
99%
2024, Paris Brąz Stany Zjednoczone
99%
1992, Barcelona Złoto Brazylia
97%
2004, Athens Złoto Brazylia
97%
2016, Rio de Janeiro Złoto Brazylia
97%
1984, Los Angeles Srebro Brazylia
97%
2008, Beijing Srebro Brazylia
97%
2012, London Srebro Brazylia
97%
1996, Atlanta Srebro Włochy
97%
2004, Athens Srebro Włochy
97%
2016, Rio de Janeiro Srebro Włochy
97%
1984, Los Angeles Brąz Włochy
97%
2000, Sydney Brąz Włochy
97%
2012, London Brąz Włochy
97%
1972, Munich Złoto Japonia
90%
1968, Mexico City Srebro Japonia
90%
1964, Tokyo Brąz Japonia
90%
2012, London Złoto Rosja
89%
2000, Sydney Srebro Rosja
89%
2004, Athens Brąz Rosja
89%
2008, Beijing Brąz Rosja
89%
2021, Tokyo Srebro Rosyjski Komitet Olimpijski
89%
1964, Tokyo Złoto Związek Radziecki
85%
1968, Mexico City Złoto Związek Radziecki
85%
1980, Moscow Złoto Związek Radziecki
85%
1976, Montreal Srebro Związek Radziecki
85%
1988, Seoul Srebro Związek Radziecki
85%
1972, Munich Brąz Związek Radziecki
85%
1988, Seoul Brąz Argentyna
84%
2021, Tokyo Brąz Argentyna
84%
2000, Sydney Złoto Jugosławia
75%
1996, Atlanta Brąz Jugosławia
75%
1996, Atlanta Złoto Holandia
69%
1992, Barcelona Srebro Holandia
69%
1964,Tokyo Srebro Czechosłowacja
66%
1968, Mexico City Brąz Czechosłowacja
66%
1972, Munich Srebro Wschodnie Niemcy
62%
1976, Montreal Brąz Kuba
59%
1980, Moscow Srebro Bułgaria
58%
1980, Moscow Brąz Rumunia
50%
Nie znaleziono quizów pasujących do podanych kryteriów
Rozkład punktacji
Procent ludzi z każdym wynikiem
Percentyl według liczby udzielonych odpowiedzi
Twoja historia wyników
Nie rozwiązałeś tego quizu